Movement for Innovation: one initiative too many, or a real force for change? (Record no. 65572)

MARC details
000 -LEADER
fixed length control field 01304cam a2200217 4500
001 - CONTROL NUMBER
control field ABS63255
008 - FIXED-LENGTH DATA ELEMENTS--GENERAL INFORMATION
fixed length control field 000000n2000 000 0 eng u
035 ## - SYSTEM CONTROL NUMBER
System control number (Sirsi) u109914
100 ## - MAIN ENTRY--PERSONAL NAME
Personal name Connaughton, J
245 ## - TITLE STATEMENT
Title Movement for Innovation: one initiative too many, or a real force for change?
260 ## - PUBLICATION, DISTRIBUTION, ETC.
Date of publication, distribution, etc. 2000
490 ## - SERIES STATEMENT
Series statement Cost Engineer
Volume/sequential designation 38(6) November 2000, 10-11(2)
520 ## - SUMMARY, ETC.
Summary, etc. Looks at the focus on construction best practice initiatives in the wake of the Egan report, "Rethinking Construction", and whether they will make a difference. The article compares the Egan report with previous government attempts to improve the performance of the construction industry and considers that the main difference lies in Egan's view of a radically changed industry with design and production reorganised along world class manufacturing lines. It examines briefly the Movement for Innovation (M4I) and related initiatives that support Egan's report and ends by concluding that these will help "Rethinking Construction" have a real impact on the construction industry.
590 ## - LOCAL NOTE (RLIN)
Local note ABS
650 ## - SUBJECT ADDED ENTRY--TOPICAL TERM
Topical term or geographic name entry element EGAN REFORMS
650 ## - SUBJECT ADDED ENTRY--TOPICAL TERM
Topical term or geographic name entry element MOVEMENT FOR INNOVATION
650 ## - SUBJECT ADDED ENTRY--TOPICAL TERM
Topical term or geographic name entry element CONSTRUCTION INDUSTRY REFORM
650 ## - SUBJECT ADDED ENTRY--TOPICAL TERM
Topical term or geographic name entry element CONSTRUCTION BEST PRACTICE PROGRAMME
690 ## - LOCAL SUBJECT ADDED ENTRY--TOPICAL TERM (OCLC, RLIN)
Topical term or geographic name as entry element BUILT ENVIRONMENT
942 ## - ADDED ENTRY ELEMENTS (KOHA)
Suppress in OPAC 0
Holdings
Withdrawn status Lost status Source of classification or shelving scheme Damaged status Not for loan Home library Current library Shelving location Date acquired Total Checkouts Full call number Barcode Date last seen Copy number Price effective from Koha item type
    Dewey Decimal Classification     London London Journal article 12/12/2000   ABS63255 109914-1001 06/08/2019 1 06/08/2019 Journal article